00229nam a22000857a 4500082001400000245005500014260004500069300001000114700001900124 a632.7 REC aRecent advances in the Chemistry of Insect control aLondonbRoyal society of chemistryc1985 a322 p aincect control